Ostdeutsche Profivereine - Statistiken

Allgemein
  • Dieses Quiz wurde 219 mal gespielt
  • Das Durchschnittsergebnis liegt bei 11 aus 15
Antwortstatistiken
Hint Jahre Bundesliga Jahre 2.Bundesliga Antwort % Korrekt
Stadtrivale von Hertha BSC 4 13 1.FC Union Berlin
97%
einziger Bundesligist an der Elbe, außerhalb von Hamburg 4 10 Dynamo Dresden
96%
Landeshauptstadt von Sachsen-Anhalt - 2 1.FC Magdeburg
93%
Bekannt fürs Werben von Red Bull 7 2 RB Leipzig
91%
Stadt trug bis 1990 den Namen eines bekannten Kritiker des Kapitalismus - 7 Chemnitzer FC
87%
Liegt am "Steigerwald" in Thüringen - 2 Rot-Weiß Erfurt
84%
der Verein trägt seine Spiele im "Stadion der Freundschaft" aus 6 11 Energie Cottbus
81%
hat viele Rechtsradikale Fans 12 10 Hansa Rostock
77%
Verein ist nach bekanntem Mechaniker benannt (†1888) - 8 FC Carl-Zeiss Jena
74%
Verein wird auch "Kumpelverein" genannt - 16 FC Erzgebirge Aue
70%
Stadt und Bundesland haben den selben Namen - 1 Stahl Brandenburg
64%
Früher als BSG Chemie bekannt - 1 Hallescher FC
53%
Lange Geschichte mit 1.FC Lokomotive 1 6 VfB Leipzig
42%
Früher bekannt als BSG Sachsenring - 4 FSV Zwickau
35%
Bekannter Filmort in Potsdam - 1 SV Babelsberg
32%
Keine übereinstimmenden Quizze gefunden
Verteilung der Resultate
Anzahl Personen mit jedem Resultat
Perzentil nach korrekt beantworteten Fragen
Ihre Resultats-Entwicklung
Sie haben dieses Quiz noch nicht gespielt